Y a-T-Il Quelqu'un qui commande ici?-La formation de la personnalitè a l'rxercice de l'autoritè (Record n. 67385)

Dettagli MARC
000 -LEADER
fixed length control field 01568nam a2200325Ia 4500
001 - CONTROL NUMBER
control field 88940
003 - CONTROL NUMBER IDENTIFIER
control field IT-RoPAU
008 - FIXED-LENGTH DATA ELEMENTS--GENERAL INFORMATION
fixed length control field 130308s9999 xx 000 0 und d
040 ## - CATALOGING SOURCE
Original cataloging agency IT-RoPAU
040 ## - CATALOGING SOURCE
Transcribing agency IT-RoPAU
041 ## - LANGUAGE CODE
Language code of text/sound track or separate title FRANCESE
999 ## - SYSTEM CONTROL NUMBERS (KOHA)
Koha Dewey Subclass [OBSOLETE] SI
100 ## - MAIN ENTRY--PERSONAL NAME
Personal name Chappuis Raymond
100 ## - MAIN ENTRY--PERSONAL NAME
Miscellaneous information Codice Aut. SPICS: 31890
245 ## - TITLE STATEMENT
Title Y a-T-Il Quelqu'un qui commande ici?-La formation de la personnalitè a l'rxercice de l'autoritè
245 ## - TITLE STATEMENT
Remainder of title Y A-T-Il Quelqu'Un Qui Commande Ici?-La formation de la Personnalite' a l'rxercice de L'Autorite'
250 ## - EDITION STATEMENT
Edition statement 2a ed.
260 ## - PUBLICATION, DISTRIBUTION, ETC. (IMPRINT)
Place of publication, distribution, etc. PARIS
260 ## - PUBLICATION, DISTRIBUTION, ETC. (IMPRINT)
Name of publisher, distributor, etc. Organisation
260 ## - PUBLICATION, DISTRIBUTION, ETC. (IMPRINT)
Date of publication, distribution, etc. 1987 [1° Ed.:1985 - Ed.Ling.Originale:1985]
300 ## - PHYSICAL DESCRIPTION
Extent "168 p. (prefazione: no ; testo: 168 [pagine: 0-0])"
500 ## - GENERAL NOTE
General note Formazione della Personalità all'esercizio dell'Autorità Potere e Autorità ruoli e Statuti Autorità relazione e Comunicazione Autorità nell'impresa Malattie dell'Autorità Contraddizioni sorgenti di nevrosi Conoscersi per Conoscere Il Proprio Stile di Autorità donna Cornice dell'Autorità varie Maniere di vivere ed Esercitare L'Autorità nell'impresa Lavoro e Autorità Malattie e Disfunzioni dell'Autorità nell'Equipe Imparara Ad Animare Questa la Nuova Autorità Trasformarsi per sopravvivere Formazione Alle Funzioni dell'Autorità Personalità dell'Animatore Alternanza
650 ## - SUBJECT ADDED ENTRY--TOPICAL TERM
Topical term or geographic name as entry element PEDAGOGIA DELLA COMUNICAZIONE SOCIALE
650 ## - SUBJECT ADDED ENTRY--TOPICAL TERM
Relator term Codice materia Spics: 3804
700 ## - ADDED ENTRY--PERSONAL NAME
Personal name Paulhac Jean
700 ## - ADDED ENTRY--PERSONAL NAME
Miscellaneous information Codice Aut. SPICS: 31891
942 ## - ADDED ENTRY ELEMENTS (KOHA)
Koha item type LIBRO
957 ## -
-- 1
999 ## - SYSTEM CONTROL NUMBERS (KOHA)
-- 1
Dati di copia
Withdrawn status Lost status Damaged status Not for loan Home library Current library Date acquired Total Checkouts Full call number Date last seen Price effective from Koha item type Public note
    Buone Condizioni Not For Loan SPICS-MEDIATECA SPICS-MEDIATECA 08/03/2013   88940 08/03/2013 08/03/2013 LIBRO Progressivo inserimento: 13360 / N. Volumi: 1 Copie: 1 Copia Rara: SI / data import: 1 marzo 2013 - By Epidotti, Trombetti, Vaglietti.
CREDITS: SOCIETA' SAN PAOLO Via A.Severo, 58 - ROMA (RM) & PERIODICI SAN PAOLO SRL Via Giotto, 36 MILANO & CISF Via Giotto, 36 MILANO & EDIZIONI SAN PAOLO SRL,  Piazza Soncino, 5 CINISELLO BALSAMO (MI) -- ITALY